Clear Circles on the World Map by Main City #5 - Statistics

General Stats
  • This quiz has been taken 1,506 times
  • The average score is 422 of 452
Answers on the Map
Answers color-coded by a green-red scale on the quiz's map according to % correct below.
 
Answer Stats
Circle % Correct
16 - Mexico City, New York, Los Angeles, Washington, Santo Domingo, Guatemala City, Port-au-Prince, Havan
99%
17 - Mexico City, New York, Los Angeles, Washington, Santo Domingo, Guatemala City, Port-au-Prince, Havan
99%
20 - New York, Chicago, Washington, Miami, Santo Domingo, Port-au-Prince, Havana, Ottawa, Tegucigalpa, Ki
99%
22 - New York, Chicago, Washington, Madrid, Miami, Santo Domingo, Port-au-Prince, Lisbon, Rabat, Dublin,
99%
29 - Mexico City, New York, Los Angeles, Bogotá, Washington, Santo Domingo, Caracas, Guatemala City, Port
99%
30 - Mexico City, New York, Chicago, Bogotá, Washington, Santo Domingo, Caracas, Guatemala City, Port-au-
99%
32 - London, Paris, Madrid, Berlin, Algiers, Rome, Budapest, Lisbon, Tunis, Amsterdam, Warsaw, Vienna, St
99%
32 - New York, Bogotá, Washington, Santo Domingo, Caracas, Dakar, Bamako, Port-au-Prince, Lisbon, Conakry
99%
34 - Moscow, London, Paris, Berlin, Rome, Kiev, Budapest, Amsterdam, Warsaw, Vienna, Stockholm, Brussels,
99%
40 - Moscow, Istanbul, London, Paris, Berlin, Rome, Kiev, Budapest, Amsterdam, Warsaw, Bucharest, Vienna,
99%
41 - Delhi, Karachi, Mumbai, Dhaka, Cairo, Moscow, Tehran, Baghdad, Riyadh, Amman, Ankara, Kuwait City, R
99%
42 - London, Paris, Madrid, Berlin, Algiers, Rome, Dakar, Bamako, Budapest, Lisbon, Tunis, Amsterdam, Vie
99%
51 - Moscow, Istanbul, London, Paris, Madrid, Ankara, Berlin, Algiers, Rome, Athens, Kiev, Budapest, Lisb
99%
5 - New York, Chicago, Washington, Ottawa, Nuuk
99%
61 - Cairo, Moscow, Istanbul, London, Tehran, Paris, Baghdad, Madrid, Amman, Ankara, Berlin, Algiers, Rom
99%
62 - Cairo, Moscow, Istanbul, Tehran, Paris, Baghdad, Amman, Ankara, Berlin, Kuwait City, Rawalpindi, Kab
99%
63 - Cairo, Moscow, Istanbul, London, Paris, Madrid, Amman, Ankara, Berlin, Algiers, Rome, Damascus, Athe
99%
6 - New York, Los Angeles, Chicago, Washington, Ottawa, Anchorage
99%
6 - New York, Los Angeles, Chicago, Washington, Ottawa, Nuuk
99%
72 - Cairo, Moscow, Istanbul, London, Tehran, Paris, Baghdad, Riyadh, Madrid, Khartoum, Amman, Ankara, Be
99%
72 - Lagos, Cairo, Istanbul, London, Paris, Madrid, Khartoum, Amman, Ankara, Accra, Berlin, Algiers, Rome
99%
75 - Delhi, Karachi, Mumbai, Cairo, Moscow, Tehran, Paris, Baghdad, Riyadh, Khartoum, Amman, Ankara, Berl
99%
8 - New York, Washington, Boston, Lisbon, Dublin, Ottawa, Reykjavik, Nuuk
99%
94 - Lagos, Cairo, Istanbul, London, Tehran, Paris, Baghdad, Riyadh, Madrid, Khartoum, Nairobi, Amman, An
99%
9 - Mexico City, New York, Los Angeles, Washington, Guatemala City, Havana, Ottawa, Nassau, Belmopan
99%
Algiers
99%
Almaty
99%
Amsterdam
99%
Andorra la Vella
99%
Ankara
99%
Ashgabat
99%
Athens
99%
Baghdad
99%
Baku
99%
Beirut
99%
Belgrade
99%
Berlin
99%
Bern
99%
Bishkek
99%
Boston
99%
Bratislava
99%
Brussels
99%
Bucharest
99%
Budapest
99%
Cairo
99%
Chicago
99%
Chisinau
99%
Copenhagen
99%
Dallas
99%
Damascus
99%
Detroit
99%
Dublin
99%
Dushanbe
99%
Grande Prairie
99%
Halifax
99%
Havana
99%
Helsinki
99%
Istanbul
99%
Kabul
99%
Kiev
99%
Lisbon
99%
Ljubljana
99%
London
99%
Los Angeles
99%
Luxembourg
99%
Madrid
99%
Mexico City
99%
Miami
99%
Minneapolis
99%
Minsk
99%
Monaco
99%
Montréal
99%
Moscow
99%
Nassau
99%
New York
99%
Nicosia
99%
Oslo
99%
Ottawa
99%
Paris
99%
Phoenix
99%
Podgorica
99%
Port-au-Prince
99%
Prague
99%
Pristina
99%
Quebec
99%
Rabat
99%
Rankin Inlet
99%
Rawalpindi
99%
Riga
99%
Rome
99%
Saguenay
99%
Saint Petersburg
99%
San Diego
99%
San Marino
99%
Santo Domingo
99%
Sarajevo
99%
Seattle
99%
Skopje
99%
Sofia
99%
Stockholm
99%
Tallinn
99%
Tashkent
99%
Tbilisi
99%
Tehran
99%
The Ruhr
99%
Tirana
99%
Toronto
99%
Tripoli
99%
Tunis
99%
Vaduz
99%
Valletta
99%
Vatican City
99%
Vienna
99%
Vilnius
99%
Warsaw
99%
Washington
99%
Yerevan
99%
Zagreb
99%
10 - Tokyo, Shanghai, Seoul, Beijing, Ürümqi, Pyongyang, Ulaanbaatar, Bishkek, Astana, Yakutsk
98%
11 - Guangzhou, Tokyo, Shanghai, Seoul, Manila, Beijing, Taipei, Hanoi, Pyongyang, Ulaanbaatar, Saipan
98%
11 - São Paulo, Buenos Aires, Rio de Janeiro, Lima, Santiago, Brasília, Asunción, La Paz, Montevideo, Suc
98%
12 - London, Paris, The Ruhr, Amsterdam, Stockholm, Brussels, Copenhagen, Dublin, Oslo, Reykjavik, Luxemb
98%
14 - São Paulo, Buenos Aires, Rio de Janeiro, Lima, Santiago, Brasília, Quito, Asunción, La Paz, Montevid
98%
17 - São Paulo, Buenos Aires, Rio de Janeiro, Lima, Bogotá, Santiago, Brasília, Caracas, Quito, Asunción,
98%
20 - Guangzhou, Tokyo, Shanghai, Seoul, Manila, Beijing, Dhaka, Bangkok, Taipei, Hanoi, Pyongyang, Phnom
98%
23 - Guangzhou, Shanghai, Jakarta, Delhi, Seoul, Manila, Beijing, Dhaka, Bangkok, Taipei, Singapore, Kual
98%
24 - Guangzhou, Tokyo, Shanghai, Delhi, Seoul, Manila, Beijing, Dhaka, Bangkok, Taipei, Rawalpindi, Kabul
98%
24 - Guangzhou, Tokyo, Shanghai, Jakarta, Seoul, Manila, Bangkok, Taipei, Singapore, Kuala Lumpur, Hanoi,
98%
25 - Guangzhou, Tokyo, Shanghai, Delhi, Seoul, Manila, Beijing, Dhaka, Bangkok, Taipei, Singapore, Kuala
98%
26 - Delhi, Moscow, Istanbul, Tehran, Baghdad, Ankara, Kuwait City, Rawalpindi, Kabul, Kiev, Tashkent, Ba
98%
28 - Mexico City, Lima, Bogotá, Washington, Santo Domingo, Caracas, Guatemala City, Port-au-Prince, Quito
98%
31 - Guangzhou, Shanghai, Delhi, Seoul, Beijing, Dhaka, Bangkok, Tehran, Taipei, Kuwait City, Rawalpindi,
98%
32 - Mexico City, Lima, Bogotá, Washington, Brasília, Santo Domingo, Caracas, Guatemala City, Port-au-Pri
98%
32 - São Paulo, Lagos, Rio de Janeiro, Kinshasa, Luanda, Accra, Brasília, Dakar, Bamako, Yaoundé, Abuja,
98%
32 - São Paulo, Rio de Janeiro, Lima, Bogotá, Santiago, Brasília, Santo Domingo, Caracas, Guatemala City,
98%
34 - Lagos, Johannesburg, Rio de Janeiro, Kinshasa, Luanda, Dar es Salaam, Accra, Cape Town, Kampala, Yao
98%
36 - Guangzhou, Shanghai, Delhi, Seoul, Manila, Beijing, Dhaka, Bangkok, Tehran, Taipei, Singapore, Riyad
98%
43 - Lagos, London, Paris, Madrid, Accra, Algiers, Rome, Dakar, Bamako, Abuja, Lisbon, Tunis, Conakry, Ou
98%
44 - Delhi, Karachi, Mumbai, Dhaka, Bangkok, Cairo, Tehran, Baghdad, Riyadh, Khartoum, Amman, Ankara, Col
98%
55 - Delhi, Karachi, Mumbai, Lagos, Cairo, Tehran, Kinshasa, Luanda, Baghdad, Riyadh, Khartoum, Nairobi,
98%
62 - Lagos, Cairo, Kinshasa, Luanda, Baghdad, Riyadh, Khartoum, Dar es Salaam, Nairobi, Amman, Accra, Kuw
98%
64 - Delhi, Karachi, Mumbai, Cairo, Tehran, Baghdad, Riyadh, Khartoum, Nairobi, Amman, Ankara, Kuwait Cit
98%
8 - Tokyo, Shanghai, Seoul, Beijing, Pyongyang, Ulaanbaatar, Yakutsk, Petropavlovsk-Kamchatsky
98%
8 - Tokyo, Shanghai, Seoul, Beijing, Taipei, Pyongyang, Petropavlovsk-Kamchatsky, Saipan
98%
Abu Dhabi
98%
Addis Ababa
98%
Amman
98%
Asahikawa
98%
Asmara
98%
Astana
98%
Asunción
98%
Bandar Seri Begawan
98%
Bangkok
98%
Bangui
98%
Basseterre
98%
Beijing
98%
Belmopan
98%
Bogotá
98%
Brasília
98%
Bridgetown
98%
Buenos Aires
98%
Caracas
98%
Castries
98%
Changchun
98%
Concepción
98%
Delhi
98%
Dhaka
98%
Djibouti
98%
Doha
98%
Georgetown
98%
Guangzhou
98%
Guatemala City
98%
Hanoi
98%
Harbin
98%
Hegang
98%
Jamestown
98%
Jerusalem
98%
Juba
98%
Karachi
98%
Kathmandu
98%
Khabarovsk
98%
Khartoum
98%
Kingston
98%
Kingstown
98%
Kuala Lumpur
98%
Kuwait City
98%
La Paz
98%
Lima
98%
Managua
98%
Manama
98%
Manila
98%
Melekeok
98%
Mendoza
98%
Montevideo
98%
Mumbai
98%
Muscat
98%
Nagoya
98%
Naypyidaw
98%
N'Djamena
98%
Osaka
98%
Panama City
98%
Phnom Penh
98%
Port-of-Spain
98%
Pyongyang
98%
Reykjavik
98%
Rio de Janeiro
98%
Riyadh
98%
Roseau
98%
Saint George's
98%
Saint John's
98%
Sana'a
98%
San José
98%
San Salvador
98%
Santiago
98%
São Paulo
98%
Sapporo
98%
Seoul
98%
Shanghai
98%
Shenyang
98%
Shuangyashan
98%
Sucre
98%
Taipei
98%
Talcahuano
98%
Tegucigalpa
98%
Temuco
98%
Thimphu
98%
Tianjin
98%
Tokyo
98%
Ulaanbaatar
98%
Ürümqi
98%
Valparaíso
98%
Vientiane
98%
Yakutsk
98%
Yaoundé
98%
Yekaterinburg
98%
10 - São Paulo, Buenos Aires, Rio de Janeiro, Cape Town, Brasília, Asunción, Montevideo, Windhoek, Jamest
97%
10 - São Paulo, Buenos Aires, Rio de Janeiro, Santiago, Brasília, Asunción, La Paz, Montevideo, Sucre, Ed
97%
10 - Sydney, Melbourne, Brisbane, Perth, Auckland, Wellington, Canberra, Port Moresby, Dili, Port Vila
97%
12 - Sydney, Melbourne, Brisbane, Perth, Wellington, Canberra, Port Moresby, Suva, Honiara, Port Vila, Nu
97%
13 - Guangzhou, Tokyo, Shanghai, Seoul, Manila, Taipei, Pyongyang, Saipan, Tarawa, Majuro, Palikir, Yaren
97%
13 - Jakarta, Singapore, Bandung, Sydney, Perth, Canberra, Port Moresby, Dili, Bandar Seri Begawan, Honia
97%
14 - São Paulo, Buenos Aires, Lima, Bogotá, Santiago, Brasília, Quito, Asunción, La Paz, San José, Montev
97%
16 - Tokyo, Manila, Osaka, Taipei, Port Moresby, Dili, Bandar Seri Begawan, Honiara, Saipan, Tarawa, Port
97%
17 - Sydney, Melbourne, Brisbane, Auckland, Wellington, Canberra, Port Moresby, Suva, Honiara, Apia, Tara
97%
19 - Sydney, Melbourne, Brisbane, Perth, Auckland, Wellington, Canberra, Port Moresby, Dili, Suva, Honiar
97%
20 - São Paulo, Buenos Aires, Rio de Janeiro, Kinshasa, Luanda, Accra, Brasília, Conakry, Asunción, Brazz
97%
23 - Moscow, Saint Petersburg, Berlin, Kiev, Budapest, Warsaw, Bucharest, Vienna, Stockholm, Minsk, Copen
97%
30 - Mexico City, Lima, Bogotá, Santo Domingo, Caracas, Guatemala City, Port-au-Prince, Quito, Asunción,
97%
33 - São Paulo, Rio de Janeiro, Lima, Bogotá, Brasília, Santo Domingo, Caracas, Dakar, Port-au-Prince, Qu
97%
44 - Delhi, Karachi, Mumbai, Dhaka, Bangkok, Tehran, Baghdad, Singapore, Riyadh, Kuala Lumpur, Khartoum,
97%
46 - Lagos, Cairo, Kinshasa, Luanda, Madrid, Khartoum, Nairobi, Accra, Algiers, Addis Ababa, Dakar, Kampa
97%
50 - Lagos, Johannesburg, Kinshasa, Luanda, Khartoum, Dar es Salaam, Nairobi, Accra, Cape Town, Addis Aba
97%
Abidjan
97%
Abuja
97%
Accra
97%
Adelaide
97%
Alice Springs
97%
Apia
97%
Bamako
97%
Brazzaville
97%
Brisbane
97%
Bujumbura
97%
Canberra
97%
Cotonou
97%
Edinburgh of the Seven Seas
97%
Gold Coast
97%
Guayaquil
97%
Kampala
97%
Kigali
97%
Kinshasa
97%
Lagos
97%
Lomé
97%
Luanda
97%
Malabo
97%
Male
97%
Melbourne
97%
Monrovia
97%
Niamey
97%
Nuku'alofa
97%
Ouagadougou
97%
Palikir
97%
Porto Alegre
97%
Porto-Novo
97%
Port Vila
97%
Quito
97%
Recife
97%
Saipan
97%
Suva
97%
Sydney
97%
Yamoussoukro
97%
12 - Mexico City, Lima, Bogotá, Guatemala City, Quito, San José, San Salvador, Panama City, Managua, Tegu
96%
13 - Sydney, Melbourne, Brisbane, Auckland, Wellington, Canberra, Suva, Honiara, Apia, Port Vila, Nuku'al
96%
16 - Delhi, Beijing, Tianjin, Rawalpindi, Kabul, Ürümqi, Kathmandu, Pyongyang, Tashkent, Ulaanbaatar, Ash
96%
17 - Mexico City, Los Angeles, Bogotá, Santo Domingo, Caracas, Guatemala City, Port-au-Prince, Quito, Hav
96%
24 - Guangzhou, Jakarta, Delhi, Manila, Dhaka, Bangkok, Taipei, Singapore, Kuala Lumpur, Colombo, Rawalpi
96%
28 - Jakarta, Karachi, Mumbai, Bangkok, Singapore, Kuala Lumpur, Dar es Salaam, Nairobi, Colombo, Addis A
96%
36 - Lagos, Johannesburg, Kinshasa, Luanda, Dar es Salaam, Nairobi, Accra, Cape Town, Kampala, Yaoundé, L
96%
42 - Lagos, Johannesburg, Kinshasa, Luanda, Khartoum, Dar es Salaam, Nairobi, Accra, Addis Ababa, Dakar,
96%
43 - Lagos, Johannesburg, Kinshasa, Luanda, Riyadh, Khartoum, Dar es Salaam, Nairobi, Colombo, Addis Abab
96%
5 - Mexico City, Los Angeles, San Francisco, Guatemala City, Honolulu
96%
6 - Jakarta, Bandung, Sydney, Perth, Canberra, Dili
96%
7 - São Paulo, Buenos Aires, Rio de Janeiro, Santiago, Asunción, Montevideo, Edinburgh of the Seven Seas
96%
7 - Sydney, Melbourne, Brisbane, Auckland, Wellington, Canberra, McMurdo Station
96%
7 - Sydney, Melbourne, Brisbane, Perth, Wellington, Canberra, McMurdo Station
96%
8 - Moscow, Saint Petersburg, Tashkent, Novosibirsk, Helsinki, Bishkek, Astana, Noril'sk
96%
8 - Sydney, Melbourne, Brisbane, Auckland, Wellington, Canberra, Nuku'alofa, McMurdo Station
96%
Auckland
96%
Colombo
96%
Dar es Salaam
96%
Dodoma
96%
Gaborone
96%
Grytviken
96%
Harare
96%
Johannesburg
96%
Kalgoorlie
96%
Libreville
96%
Lusaka
96%
Mandurah
96%
Maputo
96%
Mbabane
96%
McMurdo Station
96%
Mogadishu
96%
Moroni
96%
Nairobi
96%
Novosibirsk
96%
Perth
96%
Rockingham
96%
Sao Tome
96%
Victoria
96%
Wellington
96%
Windhoek
96%
17 - Guangzhou, Jakarta, Manila, Bangkok, Singapore, Kuala Lumpur, Colombo, Hanoi, Perth, Phnom Penh, Nay
95%
17 - Johannesburg, Dar es Salaam, Cape Town, Lusaka, Harare, Antananarivo, Maputo, Lilongwe, Bloemfontein
95%
18 - Jakarta, Manila, Mumbai, Dhaka, Bangkok, Singapore, Kuala Lumpur, Colombo, Hanoi, Phnom Penh, Mogadi
95%
18 - Johannesburg, Luanda, Dar es Salaam, Cape Town, Lusaka, Harare, Antananarivo, Maputo, Lilongwe, Bloe
95%
28 - Johannesburg, Kinshasa, Luanda, Dar es Salaam, Nairobi, Cape Town, Addis Ababa, Kampala, Lusaka, Har
95%
37 - Bogotá, Miami, Abidjan, Brasília, Recife, Santo Domingo, Caracas, Dakar, Bamako, Port-au-Prince, Qui
95%
40 - Lagos, Kinshasa, Abidjan, Accra, Dakar, Bamako, Yaoundé, Abuja, Lisbon, Conakry, Ouagadougou, Brazza
95%
4 - Mexico City, Los Angeles, San Francisco, Honolulu
95%
6 - Tokyo, Seoul, Osaka, Pyongyang, Petropavlovsk-Kamchatsky, Anadyr
95%
8 - Tokyo, Osaka, Nagoya, Saipan, Tarawa, Majuro, Palikir, Yaren
95%
Antananarivo
95%
Bandung
95%
Banjul
95%
Bissau
95%
Bloemfontein
95%
Cape Town
95%
Conakry
95%
Dakar
95%
Durban
95%
Freetown
95%
Jakarta
95%
Lilongwe
95%
Magadan
95%
Maseru
95%
Nouakchott
95%
Paramaribo
95%
Petropavlovsk-Kamchatsky
95%
Praia
95%
Singapore
95%
Surabaya
95%
Yelizovo
95%
10 - Jakarta, Singapore, Kuala Lumpur, Colombo, Antananarivo, Perth, Port Louis, Dili, Male, Victoria
94%
10 - Johannesburg, Cape Town, Durban, Maputo, Bloemfontein, Windhoek, Gaborone, Maseru, Mbabane, Edinburg
94%
13 - Johannesburg, Luanda, Cape Town, Lusaka, Harare, Maputo, Bloemfontein, Windhoek, Gaborone, Maseru, M
94%
17 - Jakarta, Manila, Bangkok, Singapore, Kuala Lumpur, Phnom Penh, Port Moresby, Dili, Bandar Seri Begaw
94%
5 - Los Angeles, San Francisco, Seattle, Honolulu, Anchorage
94%
6 - Chicago, Toronto, Detroit, Ottawa, Nuuk, Rankin Inlet
94%
6 - São Paulo, Buenos Aires, Santiago, Asunción, Montevideo, Grytviken
94%
7 - Boston, Toronto, Montréal, Ottawa, Nuuk, Iqaluit, Rankin Inlet
94%
7 - Jakarta, Singapore, Kuala Lumpur, Perth, Port Moresby, Dili, Bandar Seri Begawan
94%
8 - Buenos Aires, Lima, Santiago, Asunción, La Paz, Montevideo, Sucre, Hanga Roa
94%
Comodoro Rivadavia
94%
Dili
94%
Iqaluit
94%
Jayapura
94%
Port Hedland
94%
Punta Arenas
94%
18 - Sydney, Surabaya, Brisbane, Port Moresby, Dili, Suva, Bandar Seri Begawan, Honiara, Saipan, Apia, Ta
93%
20 - Johannesburg, Dar es Salaam, Nairobi, Colombo, Lusaka, Harare, Antananarivo, Maputo, Mogadishu, Lilo
93%
4 - Buenos Aires, Santiago, Montevideo, Hanga Roa
93%
5 - Los Angeles, San Francisco, Dallas, Honolulu, Anchorage
93%
5 - Tokyo, Osaka, Nagoya, Petropavlovsk-Kamchatsky, Anadyr
93%
6 - Buenos Aires, Rio de Janeiro, Porto Alegre, Montevideo, Edinburgh of the Seven Seas, Grytviken
93%
8 - Johannesburg, Cape Town, Durban, Bloemfontein, Windhoek, Maseru, Edinburgh of the Seven Seas, Grytvi
93%
9 - Johannesburg, Cape Town, Durban, Maputo, Bloemfontein, Gaborone, Maseru, Mbabane, Port-aux-Francais
93%
Honiara
93%
Portland
93%
Port Louis
93%
Port Mathurin
93%
Port Moresby
93%
Saint-Denis
93%
San Francisco
93%
Vacoas
93%
5 - Los Angeles, San Francisco, Phoenix, Seattle, Anchorage
92%
5 - Los Angeles, San Francisco, San Diego, Honolulu, Tabwakea Village
92%
6 - Melbourne, Perth, Adelaide, Canberra, Alice Springs, Port-aux-Francais
92%
Hilo
92%
Honolulu
92%
Juneau
92%
Pearl City
92%
Prince George
92%
Vancouver
92%
5 - San Francisco, Seattle, Vancouver, Anchorage, Juneau
90%
6 - Quebec, Halifax, Saguenay, Reykjavik, Nuuk, Iqaluit
90%
Anchorage
90%
Dutch Harbor
90%
Nuuk
90%
12 - Johannesburg, Durban, Harare, Antananarivo, Maputo, Bloemfontein, Gaborone, Port Louis, Maseru, Mbab
89%
5 - Seattle, Minneapolis, Vancouver, Anchorage, Juneau
89%
5 - Seattle, Vancouver, Portland, Anchorage, Juneau
89%
5 - Santiago, Mendoza, Valparaíso, Hanga Roa, Rikitea
87%
6 - Lima, Guayaquil, Quito, La Paz, Faaa, Hanga Roa
87%
Hanga Roa
87%
5 - Perth, Port Louis, Saint-Denis, Port Hedland, Port-aux-Francais
83%
14 - Brisbane, Gold Coast, Port Moresby, Suva, Honiara, Saipan, Apia, Tarawa, Port Vila, Majuro, Nuku'alo
82%
5 - Perth, Rockingham, Mandurah, Kalgoorlie, Port-aux-Francais
82%
Funafuti
82%
Tarawa
82%
Yaren
82%
5 - Anchorage, Prince George, Grande Prairie, Juneau, Dutch Harbor
81%
13 - Port Moresby, Jayapura, Suva, Honiara, Saipan, Apia, Tarawa, Port Vila, Majuro, Palikir, Funafuti, Y
79%
5 - Honolulu, Pearl City, Hilo, Faaa, Tabwakea Village
79%
Majuro
79%
Tabwakea Village
79%
7 - Ürümqi, Almaty, Novosibirsk, Ulaanbaatar, Bishkek, Astana, Yakutsk
76%
Noril'sk
76%
7 - Shenyang, Harbin, Changchun, Novosibirsk, Ulaanbaatar, Yakutsk, Noril'sk
72%
7 - Shenyang, Harbin, Changchun, Ulaanbaatar, Yakutsk, Petropavlovsk-Kamchatsky, Tiksi
67%
Tiksi
67%
6 - Sapporo, Hegang, Shuangyashan, Yakutsk, Petropavlovsk-Kamchatsky, Anadyr
54%
6 - Sapporo, Khabarovsk, Asahikawa, Petropavlovsk-Kamchatsky, Magadan, Anadyr
50%
5 - Port Louis, Saint-Denis, Vacoas, Port Mathurin, Port-aux-Francais
41%
Port-aux-Francais
41%
5 - Hilo, Faaa, Papeete, Hanga Roa, Tabwakea Village
35%
Atuona
35%
5 - Faaa, Papeete, Punaauia, Hanga Roa, Rikitea
30%
5 - Faaa, Papeete, Punaauia, Hanga Roa, Tabwakea Village
30%
Rikitea
30%
5 - Faaa, Papeete, Punaauia, Tabwakea Village, Rikitea
28%
6 - Concepción, Talcahuano, Temuco, Comodoro Rivadavia, Punta Arenas, Hanga Roa
28%
Avarua
28%
Faaa
28%
Moerai
28%
Papeete
28%
Punaauia
28%
4 - Petropavlovsk-Kamchatsky, Magadan, Yelizovo, Anadyr
27%
5 - Faaa, Papeete, Punaauia, Atuona, Rikitea
27%
Anadyr
27%
3 - Hanga Roa, Rikitea, Moerai
20%
3 - Avarua, Rikitea, Moerai
16%
No matching quizzes found
Score Distribution
Percent of People with Each Score
Percentile by Number Answered
Your Score History
You have not taken this quiz